東京都内の1面1線駅 - Statistics

General Stats
  • This quiz has been taken 139 times
    136 since last reset
  • The average score is 9 of 18
Answer Stats
Hint Answer % Correct
JR 白丸
78%
JR 軍畑
70%
JR 日向和田
62%
JR 沢井
60%
JR 川井
59%
JR 東青梅
58%
JR 武蔵引田
57%
JR 石神前
53%
JR 熊川
50%
私鉄 是政
44%
私鉄 競艇場前
43%
私鉄 大師前
40%
私鉄 多磨
39%
私鉄 武蔵大和
38%
私鉄 八坂
37%
私鉄 青梅街道
34%
私鉄 北綾瀬
30%
私鉄 京成金町
28%
No matching quizzes found
Score Distribution
Percent of People with Each Score
Percentile by Number Answered
Your Score History
You have not taken this quiz since the last reset